=LDR 00000nam 2200000 4500 =001 INLIS000000000031069 =005 20130612133149 =008 ***********************************ind** =035 ##$$0010-061300000031069 =041 ##$$a ind =082 ##$$a 621.1 =090 ##$$a 621.1, Gre r =100 ##$$a Greaves, Keith =245 ##$$a Rahasia dibalik mesin kontruksi, oleh Keith Greaves, Andrea aird =260 ##$$a 2001 $b Jakarta =300 ##$$a 32 hlm, ilus, 30 cm =650 ##$$a Tehnik Mekanis =850 ##$$a NBPNMAT